Statistiques concernant Pays les plus proches de Nigéria

Cliquez ici pour prendre le quiz!

Statistiques générales

  • Ce quiz a été pris 308 fois
  • Le résultat moyen est 16 sur 20

Statistiques - réponses

kmpays% Correct
0Niger
99%
0Tchad
91%
101Togo
90%
0Bénin
89%
599Congo
89%
805Rép dém du Congo
89%
169Ghana
88%
0Cameroun
87%
572Côte d'Ivoire
86%
600Algérie
85%
214Mali
85%
418Gabon
84%
316République
Centrafricaine
83%
779Soudan
81%
129Burkina Faso
80%
95Guinée équatoriale
79%
1084Libye
72%
1043Mauritanie
68%
1110Angola
63%
299Sao Tomé-et-Principe
61%

Distribution des résultats

Percentile par nombre de réponses

% des personnes avec chaque résultat

Votre développement - résultats

Vous n’avez pas pris ce quiz